The Mughal Empire from Jahangir To shah Jahan/ (Record no. 200423)

MARC details
000 -LEADER
fixed length control field 00631nam a22002057a 4500
005 - DATE AND TIME OF LATEST TRANSACTION
control field 20240209151343.0
010 ## - LCCN (DPL NO)
LC control number ENG-139054
020 ## - INTERNATIONAL STANDARD BOOK NUMBER
International Standard Book Number 9789383243266
Terms of availability 4200.00
035 ## - SYSTEM CONTROL NUMBER
System control number EN-122586
037 ## - SOURCE OF ACQUISITION
Source of stock number/acquisition DBAD/PUB
082 ## - DEWEY DECIMAL CLASSIFICATION NUMBER
Classification number 954.0257
Edition number 1
100 ## - MAIN ENTRY--PERSONAL NAME
Personal name Koch, Ebba
245 ## - TITLE STATEMENT
Title The Mughal Empire from Jahangir To shah Jahan/
Statement of responsibility, etc Ebba koch
250 ## - EDITION STATEMENT
Edition statement 1
260 ## - PUBLICATION, DISTRIBUTION, ETC. (IMPRINT)
Place of publication, distribution, etc Mumbai
Name of publisher, distributor, etc The Merg Foundation
Date of publication, distribution, etc 2019
270 ## - ADDRESS
Address Army & navy building 3rd floor,148,M.G Road
City Mumbai
Postal code 400001
300 ## - PHYSICAL DESCRIPTION
Extent 320 p.
Dimensions 31 cm(hbk)
700 ## - ADDED ENTRY--PERSONAL NAME
Personal name Ebba Koch and Ali Anooshahr
9 (RLIN) 61376
942 ## - ADDED ENTRY ELEMENTS (KOHA)
Source of classification or shelving scheme Dewey Decimal Classification
Item type English Books
Classification part 954.0257
Call number suffix KOC
Holdings
Withdrawn status Lost status Not for loan Collection code Home library Current library Date acquired Source of acquisition Cost, normal purchase price Full call number Barcode Cost, replacement price Koha item type
    Not For Loan Reference Sarojini Nagar Sarojini Nagar 29/01/2024 DBAD/pub 4200.00 954.0257 KOC EN-122586 4200.00 English Books

© Delhi Public Library
Hit Counter
free hit counter